000 00316nam a22001337a 4500
008 170331b xxu||||| |||| 00| 0 eng d
020 _a9781416022060
041 _aeng
080 _a617
100 _a8
101 _aSHM
245 _aOFFICE ORTHOPEDICS FOR PRIMARY CARe: TREATMENT
_cANDERSON, B.C
942 _2udc
_cBK
999 _c9293
_d9293